000
00222 a2200097 4500
001
3660
100
_a
Aziz, Q
245
_a
New frontiers of social work in Pakistan
260
_a
_b
S S CO Councial
_c
090
_c
2921
_d
2921
942
_a
NUST-CAE
_c
M
_c
21347
999
_c
238733
_d
238733